UM Logo

Documenting individual differences in the propensity to hold attitudes with certainty / (Record no. 20680)

MARC details
000 -LEADER
fixed length control field 01046nam a22002297a 4500
005 - DATE AND TIME OF LATEST TRANSACTION
control field 20260305110929.0
008 - FIXED-LENGTH DATA ELEMENTS--GENERAL INFORMATION
fixed length control field 240820b ||||| |||| 00| 0 eng d
082 ## - DEWEY DECIMAL CLASSIFICATION NUMBER
Classification number DPer 155.205 J826 October-December 2020 v. 119 n. 4-6
100 ## - MAIN ENTRY--PERSONAL NAME
Personal name DeMarree, Kenneth G.
Relator term author.
9 (RLIN) 58433
245 ## - TITLE STATEMENT
Title Documenting individual differences in the propensity to hold attitudes with certainty /
Statement of responsibility, etc. Kenneth G. DeMarree, Pablo Briñol, Richard E. Petty, and Ji Xia.
260 ## - PUBLICATION, DISTRIBUTION, ETC. (IMPRINT)
Place of publication, distribution, etc. Washington, DC ;
Name of publisher, distributor, etc. American Psychological Association ,
Date of publication, distribution, etc. December 2020.
300 ## - PHYSICAL DESCRIPTION
Extent Volume 119, pages 1239-1265 :
Other physical details illustration ;
Dimensions 28 cm.
500 ## - GENERAL NOTE
General note Journal of Personality and Social Psychology, vol. 119, no. 6, pages 1239-1265, December 2020.
650 ## - SUBJECT ADDED ENTRY--TOPICAL TERM
Topical term or geographic name as entry element Social psychology.
9 (RLIN) 61276
650 ## - SUBJECT ADDED ENTRY--TOPICAL TERM
Topical term or geographic name as entry element Attitude (Psychology).
9 (RLIN) 61277
650 ## - SUBJECT ADDED ENTRY--TOPICAL TERM
Topical term or geographic name as entry element Individuality.
9 (RLIN) 19964
700 ## - ADDED ENTRY--PERSONAL NAME
Personal name DeMarree, Kenneth G.
Relator term author.
9 (RLIN) 58433
700 ## - ADDED ENTRY--PERSONAL NAME
Personal name Briñol, Pablo.
Relator term author.
9 (RLIN) 58434
700 ## - ADDED ENTRY--PERSONAL NAME
Personal name Petty, Richard E.
Relator term author.
9 (RLIN) 58435
700 ## - ADDED ENTRY--PERSONAL NAME
Personal name Xia, Ji.
Relator term author.
9 (RLIN) 58436
942 ## - ADDED ENTRY ELEMENTS (KOHA)
Source of classification or shelving scheme Dewey Decimal Classification
Koha item type Periodicals
Holdings
Withdrawn status Lost status Source of classification or shelving scheme Damaged status Not for loan Collection code Home library Current library Date acquired Total Checkouts Full call number Date last seen Price effective from Koha item type Public note
    Dewey Decimal Classification     Periodicals UM Digos College - LIC UM Digos College - LIC 08/20/2024   DPer 155.205 J826 October-December 2020 v. 119 n. 4-6 08/20/2024 08/20/2024 Periodicals Periodical Article